The slow regard of silent things / Patrick ... Read More
Available copies
- 2 of 2 copies available at LARL/NWRL Consortium. (Show)
- 1 of 1 copy available at Northwest Regional Library.
Current holds
0 current holds with 2 total copies.
View other formats and editions
Show Only Available Copies
| Location | Call Number / Copy Notes | Barcode | Shelving Location | Status | Due Date |
|---|---|---|---|---|---|
| Roseau Public Library | ROT (Text) | 35500005435100 | Main | Available | - |
Record details
- ISBN: 9780756410438
- ISBN: 0756410436
- Physical Description: 159 pages : illustrations ; 22 cm.
- Publisher: New York, NY : DAW Books, Inc., 2014
Content descriptions
| Summary, etc.: | Deep below the University, there is a dark place. ... Read More |
Search for related items by subject
| Subject: | Young women > Fiction. Magicians > Fiction. Loss (Psychology) > Fiction. |
| Genre: | Fantasy fiction. Fantasy fiction. |
Search for related items by series
| LDR | 01846cam a2200409Ii 4500 | ||
|---|---|---|---|
| 001 | 171366 | ||
| 003 | LARL_NWRL_CONSORTIUM | ||
| 005 | 20141023121126.0 | ||
| 008 | 140327s2014 nyua 000 1 eng d | ||
| 020 | . | ‡a9780756410438 | |
| 020 | . | ‡a0756410436 | |
| 035 | . | ‡a(OCoLC)874970338 | |
| 082 | 0 | 4. | ‡a813/.6 ‡223 |
| 100 | 1 | . | ‡aRothfuss, Patrick, ‡d1973- ‡0(LARL_NWRL_CONSORTIUM)202579 |
| 245 | 1 | 4. | ‡aThe slow regard of silent things / ‡cPatrick Rothfuss ; illustrations by Nate Taylor. |
| 260 | . | ‡aNew York, NY : ‡bDAW Books, Inc., ‡c2014 | |
| 300 | . | ‡a159 pages : ‡billustrations ; ‡c22 cm. | |
| 336 | . | ‡atext ‡2rdacontent | |
| 337 | . | ‡aunmediated ‡2rdamedia | |
| 338 | . | ‡avolume ‡2rdacarrier | |
| 490 | 0 | . | ‡aTales from Temerant |
| 490 | 0 | . | ‡aKingkiller Chronicle novella |
| 520 | . | ‡aDeep below the University, there is a dark place. Few people know of it: a broken web of ancient passageways and abandoned rooms. A young woman lives there, tucked among the sprawling tunnels of the Underthing, snug in the heart of this forgotten place. Her name is Auri, and she is full of mysteries. | |
| 650 | 0. | ‡aYoung women ‡vFiction. ‡0(LARL_NWRL_CONSORTIUM)168213 | |
| 650 | 0. | ‡aMagicians ‡vFiction. ‡0(LARL_NWRL_CONSORTIUM)165983 | |
| 650 | 0. | ‡aLoss (Psychology) ‡vFiction. ‡0(LARL_NWRL_CONSORTIUM)165927 | |
| 655 | 0. | ‡aFantasy fiction. | |
| 655 | 7. | ‡aFantasy fiction. ‡2gsafd | |
| 901 | . | ‡a171366 ‡bOCLC ‡c171366 ‡tbiblio | |

Add to basket
Permalink
Disable Highlighting